The Economics of urban amenities /

Bibliographic Details
Other Authors: Tolley, George S., 1925-, Diamond, Douglas B. (Douglas Byrnne), 1949-
Format: Book
Language:English
Published: New York : Academic Press, [1982]
Series:Studies in urban economics.
Subjects:

MARC

Tag First Indicator Second Indicator Subfields
LEADER 00000pam a2200000 a 4500
001 in00000089083
005 20151008065259.0
008 811217s1982 nyua b 00100 eng
010 |a  81022794  
020 |a 0126928606 
035 |a (OCoLC)08112616 
035 |9 AAK5675AM 
039 0 |a 2  |b 3  |c 3  |d 3  |e 3 
040 |a DLC  |c DLC  |d TXA  |d UtOrBLW 
049 |a TXAM  |c [1443122] 
050 0 0 |a HT321  |b .E33 
082 0 |a 330.9173/2  |2 19 
245 0 4 |a The Economics of urban amenities /  |c edited by Douglas B. Diamond, Jr., George S. Tolley. 
264 1 |a New York :  |b Academic Press,  |c [1982] 
264 4 |c ©1982 
300 |a xiii, 226 pages :  |b illustrations ;  |c 24 cm. 
336 |a text  |b txt  |2 rdacontent 
337 |a unmediated  |b n  |2 rdamedia 
338 |a volume  |b nc  |2 rdacarrier 
490 1 |a Studies in urban economics 
504 |a Includes bibliographical references and index. 
650 0 |a Urban economics. 
650 0 |a Space in economics. 
650 0 |a Homesites. 
650 0 |a Real property  |x Valuation. 
650 0 |a Land use, Urban. 
700 1 |a Tolley, George S.,  |d 1925- 
700 1 |a Diamond, Douglas B.  |q (Douglas Byrnne),  |d 1949- 
830 0 |a Studies in urban economics. 
999 |a MARS 
999 f f |s fa485cfc-bff0-38e1-ae7d-0445a6e6b416  |i fb62f699-53b9-32a2-a39d-15fdc830937c  |t 0 
952 f f |p ric  |a Texas A&M University  |b Rellis Campus  |c Joint Library Facility  |d Remote Storage  |t 0  |e HT321 .E33  |h Library of Congress classification  |i unmediated -- volume  |m A14823413041 
998 f f |a HT321 .E33  |t 0  |l Remote Storage